000 00547nam a2200229Ia 4500
001 1087
003 GE_BSU
008 181216s||||||||xx |||||||||||||| ||und||
020 _a5250012345
040 _cGE_BSU
080 _a21
100 _aТокарев,С.А.
245 _aРанние формы религии
260 _aМосква
260 _bПолитиздат
260 _c1990
300 _a622стр.
541 _h12л.
653 _aРанние формы религии
653 _aРелигия
942 _cBK
999 _c35241
_d35241